| 000 | 01022cam a22002894a 4500 | ||
|---|---|---|---|
| 001 | 12687370 | ||
| 005 | 20241112100452.0 | ||
| 008 | 020226s2003 iaua b 001 0 eng | ||
| 020 | _a0072468246 (alk. paper) | ||
| 050 | 0 | 0 |
_aT60.8 _b.N54 2003 |
| 082 | 0 | 0 |
_a658.5/4 _221 |
| 100 | 1 | _aNiebel, Benjamin W. | |
| 245 | 1 | 0 |
_aMethods, standards, and work design / _cBenjamin W. Niebel, Andris Freivalds. |
| 250 | _a11th ed. | ||
| 260 |
_aDubuque : _bMcGraw-Hill, _cc2003. |
||
| 300 |
_axix, 747 p. : _bill. ; _c24 cm. |
||
| 440 | 0 | _aMcGraw-Hill series in industrial engineering and management science | |
| 500 | _aIncludes bibliographical references and index. | ||
| 650 | 0 | _aWork design. | |
| 650 | 0 | _aHuman engineering. | |
| 650 | 0 | _aTime study. | |
| 650 | 0 | _aMotion study. | |
| 700 | 1 | _aFreivalds, Andris. | |
| 856 | 4 | 2 |
_3Publisher description _uhttp://www.loc.gov/catdir/description/mh024/2002025087.html |
| 856 | 4 | 1 |
_3Table of contents _uhttp://www.loc.gov/catdir/toc/mh023/2002025087.html |
| 942 |
_2lcc _cBK _n0 |
||
| 999 |
_c1051 _d1051 |
||